| 000 | 00966cam a22003017a 4500 | ||
|---|---|---|---|
| 003 | CHAP | ||
| 005 | 20220329134242.0 | ||
| 008 | 971013s1975 r 00010 d | ||
| 010 | _a17642 | ||
| 011 | _a18614 | ||
| 035 | _a22699 | ||
| 040 | _cCHAP | ||
| 082 |
_a635.31 _bB5 |
||
| 100 | 0 | 0 |
_aBisbal Poveda, Alfonso. _912928 |
| 245 | 1 | 3 | _aEl espárrago |
| 260 |
_aMadrid : _bMinisterio de Agricultura, _c1975 |
||
| 300 |
_a117 p. _b: ilus. |
||
| 590 |
_aBATCH-UPD _b10 _c20130110 _lUCH01 _h1755 |
||
| 590 |
_aBATCH-UPD _b10 _c20130410 _lUCH01 _h1131 |
||
| 590 |
_aBATCH-UPD _b10 _c20130914 _lUCH01 _h1322 |
||
| 590 |
_aCONVERSION _b10 _c20130109 _lUCH01 _h1311 |
||
| 650 | 1 | 4 |
_aEspárrago. _938107 |
| 901 | _aBK | ||
| 942 | _cLIBRO | ||
| 949 |
_a635.31 B5 _bBC _cLIBRO _d-53107 _eLIBRO _h44047 _i22699 _si _t120.00 |
||
| 949 |
_a635.31 B5 _bBC _cLIBRO _d-53108 _eLIBRO _fc.2 _h45993 _i22699 _si _t120.00 |
||
| 949 |
_a635.31 B5 _bBC _cLIBRO _d-53109 _eLIBRO _fc.3 _h45994 _i22699 _si _t120.00 |
||
| 999 |
_c17642 _d17642 |
||